Welche berühmte Persönlichkeit bin ich? #2 - Statistiken

Allgemein
  • Dieses Quiz wurde 509 mal gespielt
  • Das Durchschnittsergebnis liegt bei 7 aus 17
Antwortstatistiken
Beschreibung Antwort % Korrekt
Ich bin der berühmteste Boxer aller Zeiten. Muhammad Ali
94%
Ich schoss mit 91 Pflichtspieltoren die meisten jemals ineinem Kalenderjahr. (Fußball) Lionel Messi
69%
Ich bin einer der bekanntesten Bodybuilder aller Zeiten und war von 2003 bis 2011 Gouverneur Kaliforniens. Arnold Schwarzenegger
68%
Ich war der erste schwarze Präsident Südafrikas. Nelson Mandela
58%
Ich war einer der berühmtesten deutschen Generäle im 2. Weltkrieg, die meisten kennen mich als "Wüstenfuchs". Erwin Rommel
48%
Ich wurde in den 1950er Jahrer zum Weltstar, bekannt bin ich vor allem durch meine blonde Frisur. Marilyn Monroe
46%
Im Jahr 1955 in Detroit weigerte ich mich, meinen Sitzplatzim Bus für einen weißen Fahrgast zu räumen. Rosa Parks
46%
Ich schrieb "Momo" und "Jim Knopf und Lukas der Lokomotivführer". Michael Ende
40%
Ich produzierte weltbekannte Filme wie "Inception","Interstellar" oder zuletzt "Oppenheimer". Christopher Nolan
37%
Mein größter Hit erreichte als einziges deutschsprachigesLied die Spitze der US-Charts. Falco
37%
Ich gründete "Haribo". Hans Riegel
37%
Ich war der US-Präsident, der die Atombomben aufHiroshima und Nagasaki abwerfen ließ. Harry S. Truman
34%
Nach mir ist die vietnamesische Hauptstadt benannt. Hồ Chí Minh
31%
Ich war Mitbegründer der "Standard Oil Company" undgelte als reichster Mensch der Neuzeit. John D. Rockefeller
29%
Ich bin das jüngste Mitglied der Popgruppe "ABBA". Agnetha Fältskog
20%
Ich war die erste Frau im Weltraum, meine Nationalitätist russisch. Walentina Tereschkowa
6%
Ich gelte nachweislich mit 122 Jahren und 164 Tagen alsältester Mensch jemals. Jeanne Calment
4%
Keine übereinstimmenden Quizze gefunden
Verteilung der Resultate
Anzahl Personen mit jedem Resultat
Perzentil nach korrekt beantworteten Fragen
Ihre Resultats-Entwicklung
Sie haben dieses Quiz noch nicht gespielt